La inquietud moral y la vida humana : reflexiones sobre la vida buena /
Este libro se refiere a la tarea más antigua de la filosofía, que es pensar la vida humana. Decía Sócrates vivir irreflexivamente no es vivir la vida de verdad. La autora hace una defensa de la filosofía moral y de la reflexión ética aplicada a la vida humana y al mundo contemporáneo.
-д хадгалсан:
| Үндсэн зохиолч: | |
|---|---|
| Формат: | Ном |
| Хэл сонгох: | испани |
| Хэвлэсэн: |
Barcelona, España :
Paidós,
2002, c2002
|
| Цуврал: | (Paidós Studio ;
155) |
| Нөхцлүүд: | |
| Шошгууд: |
Шошго байхгүй, Энэхүү баримтыг шошголох эхний хүн болох!
|
MARC
| LEADER | 00000nam^a2200000^a^4500 | ||
|---|---|---|---|
| 001 | 000142549 | ||
| 005 | 20250521000000.0 | ||
| 009 | 20260310095653.488 | ||
| 020 | |a 84-493-1236-1 | ||
| 037 | |a Acervo ITESO - Biblioteca | ||
| 041 | |a ESP | ||
| 082 | |a 170. 1 |b CAN | ||
| 100 | |a Canto-Sperber, Monique |e (autor) | ||
| 245 | 1 | 3 | |a La inquietud moral y la vida humana : |b reflexiones sobre la vida buena / |c M. Canto-Sperber ; tr. por Vicente Gómez Ibáñez. |
| 264 | 4 | |a Barcelona, España : |b Paidós, |c 2002, c2002 | |
| 300 | |a 304 p. | ||
| 336 | |a texto |b txt |2 rdacontenido | ||
| 337 | |a sin mediación |b n |2 rdamedio | ||
| 338 | |a volumen |b nc |2 rdasoporte | ||
| 440 | 1 | |a (Paidós Studio ; |v 155) | |
| 500 | |a Traducción de: L'inquiétude morale et la vie humaine | ||
| 520 | |a Este libro se refiere a la tarea más antigua de la filosofía, que es pensar la vida humana. Decía Sócrates vivir irreflexivamente no es vivir la vida de verdad. La autora hace una defensa de la filosofía moral y de la reflexión ética aplicada a la vida humana y al mundo contemporáneo. | ||
| 649 | |a XX | ||
| 650 | |a Etica | ||
| 650 | |a Religión | ||
| 650 | |a Lo Sagrado | ||
| 650 | |a Yo (Psicoanálisis) | ||
| 650 | |a Individualismo | ||
| 650 | |a Existencialismo | ||
| 650 | |a Bien y Mal | ||
| 650 | |a Felicidad | ||
| 650 | |a Conducta de Vida | ||
| 650 | |a Modernidad y Posmodernidad | ||
| 650 | |a Filosofía Francesa | ||
| 910 | |a Fondo General | ||
| 920 | |a Impresos - Libros | ||
| 930 | |a Colección General | ||
| 905 | |a 101 | ||
| 901 | |a 0500071363 |b IT1 |c ACC |u 20250521 | ||
| 902 | |a https://opac.biblio.iteso.mx/vufind/Record/000142549 | ||